| 000 | 00481nam a22001817a 4500 | ||
|---|---|---|---|
| 003 | CEME | ||
| 005 | 20210628202224.0 | ||
| 008 | 210113b xxu||||| |||| 00| 0 eng d | ||
| 020 | _a9788122424096 | ||
| 040 | _c. | ||
| 082 | _a629.895536 DUK | ||
| 100 |
_aDukkipati, Rao V _958012 |
||
| 245 | _aAnalysis and design of control systems using matlab | ||
| 260 |
_aINDIA _bNEW AGE _c2014 |
||
| 300 | _aXI, 449P | ||
| 650 |
_aCONTROL SYSTEMS USING MATLAB _958834 |
||
| 942 |
_cBK _2ddc |
||
| 999 |
_c568938 _d568938 |
||